EXPERIMENTAL AGRICULTURE (Record no. 5905)
[ view plain ]
| 000 -LEADER | |
|---|---|
| fixed length control field | 00462nam a2200157Ia 4500 |
| 022 ## - INTERNATIONAL STANDARD SERIAL NUMBER | |
| ISSN | 0014-4797 |
| 245 #0 - TITLE STATEMENT | |
| Title | EXPERIMENTAL AGRICULTURE |
| 247 ## - FORMER TITLE | |
| Title | Empire Journal of Experimental Agriculture |
| 260 ## - PUBLICATION, DISTRIBUTION, ETC. (IMPRINT) | |
| Name of publisher | Cambridge University Press |
| Place of publication | London |
| 310 ## - CURRENT PUBLICATION FREQUENCY | |
| Current publication frequency | Q |
| 500 ## - GENERAL NOTE | |
| General note | Ending Volume & Year: 36, 2000 |
| 500 ## - GENERAL NOTE | |
| General note | Missing Volume: 17(4);19(1);25 |
| 500 ## - GENERAL NOTE | |
| General note | Starting Volume & Year: 1, 1965 |
| 942 ## - ADDED ENTRY ELEMENTS (KOHA) | |
| Koha item type | Bound Journal |
| Withdrawn status | Lost status | Damaged status | Not for loan | Home library | Current library | Date acquired | Accession Number | Koha item type |
|---|---|---|---|---|---|---|---|---|
| Bound journals | RRII Library | RRII Library | 31/12/2021 | 05887J | Bound Journal |